000 01552nam a2200253Ia 4500
003 Ost
005 20260507075101.0
008 260507s9999||||xx |||||||||||||| ||und||
020 _a9957402029
040 _cfsecg
041 _aara
082 _a338.4791
100 _aغنيم، عثمان محمد
_eمؤلف
245 0 _aالتخطيط السياحي :
_bفي سبيل تخطيط مكاني شامل ومتكامل /
_c عثمان محمد غنيم
260 _aعمان:
_bدار صفاء للنشر,
_c1999
300 _a232 صفحة؛
_bإيضاحات ؛
_c24 سم
504 _aبيبليوغرافيا :ص.231
520 _aالسياحة والنشاطات السياحية،التخطيط السياحي والتنمية السياحية،التخطيط السياحي في المستويين الوطني والإقليمي،التخطيط السياحي في المستوى المحلي،التخطيط السياحي والآثار البيئية والإقتصادية والإجتماعية،العناصر التخطيطية والمؤسسية للسياحة وتنفيذ الخطة السياحية،التخطيط السياحي والتجربة الأردنية
653 _aالسياحة
653 _aالسياحة - الاردن
653 _aالسياحة: التخطيط
700 _aبنيتا، نبيل سعد
_eمؤلف ثانوي
942 _cكتاب
999 _c42798
_d42798